In winter /

Bibliographic Details
Main Author: Ryan, Michael, 1946-
Format: Book
Language:English
Published: New York : Holt, Rinehart, and Winston, [1981]
Edition:1st ed.
Series:National poetry series.

MARC

Tag First Indicator Second Indicator Subfields
LEADER 00000pam a2200000 a 4500
001 in00000088305
005 20151008063130.0
008 800923s1981 nyu 00010 engm
010 |a  80019799  
020 |z 0030589426 
020 |z 0030589418 (pbk.) 
035 |a (OCoLC)06815466 
035 |9 AAK1644AM 
040 |a DLC  |c DLC  |d m.c.  |d TXA  |d UtOrBLW 
049 |a TXAM  |c [1561779] 
050 0 0 |a PS3568.Y39  |b I5 
082 0 |a 811/.54  |2 19 
090 |a PA3568.Y39  |b I5 1981 
100 1 |a Ryan, Michael,  |d 1946- 
245 1 0 |a In winter /  |c Michael Ryan. 
250 |a 1st ed. 
264 1 |a New York :  |b Holt, Rinehart, and Winston,  |c [1981] 
264 4 |c ©1981 
300 |a 49 pages ;  |c 22 cm. 
336 |a text  |b txt  |2 rdacontent 
337 |a unmediated  |b n  |2 rdamedia 
338 |a volume  |b nc  |2 rdacarrier 
490 1 |a The National poetry series 
830 0 |a National poetry series. 
999 |a MARS 
999 f f |s 33e17ab7-e03e-397c-b5be-2b1a29f95e57  |i 6284a123-4be0-309c-8e58-240dbd80dab1  |t 0 
952 f f |p normal  |a Texas A&M University  |b College Station  |c Sterling C. Evans Library  |d Evans: Library Stacks  |t 0  |e PA3568.Y39 I5 1981  |h Library of Congress classification  |i unmediated -- volume  |m A14805984743 
998 f f |a PA3568.Y39 I5 1981  |t 0  |l Evans: Library Stacks